02192agaaa2200325 45000010005000000030009000050050017000140070009000310080040000400400023000800410013001031000046001161300040001622400026002022450234002282460019004622500022004812600141005033000034006445080211006785110092008895200551009815380016015325460013015486500066015617000055016277000058016827000060017407000066018008875IT-RoPAU20220918181231.0d cvaizq50131s9999||||xx ||| | || ||und|| aIT-RoPAUcIT-RoPAU aITALIANO aSheridan JimgCodice regista SPICS: 59523 aIN AMERICA - IL SOGNO CHE NON C'ERA aEAST OF HARLEMgT3790 aIN AMERICA - IL SOGNO CHE NON C'ERAcProdotto da: Sheridan Jim -- Sceneggiatura: Sheridan Jim Sheridan Naomi Sheridan Kirsten -- Diretto da: Sheridan JimpIN AMERICA - IL SOGNO CHE NON C'ERA (Rif. Codice opera principale : H8875) aEAST OF HARLEM aEdizione Standard a(IRLANDA - UK)bHELL'S KITCHEN FILM - HARLEM FILM PROD. / Distribuzione: MAGAZZINO DISPg"2002 (1° ed.: 2009 ; Ed. Lingua Orig.: 2002)" aDVDbsonoro, col.c101 minuti a"Fotografia: Quinn Declan; Montaggio: Geraghty Naomi; Musica: Friday Gavin; Sceneggiatura: Sheridan Jim Sheridan Naomi Sheridan Kirsten; Scenografia: Geraghty Mark; Soggetto: Sheridan Jim -- Sheridan Naomi" a"Morton Samantha; Considine Paddy; Houdsou Djimon; Bolger Sara; Bolger Emma; Carlton R" a"L'AMERICA? UN SOGNO CHE UN BEL GIORNO DIVENTA REALTA' ANCHE PER LA GIOVANECOPPIA DI IMMIGRATI IRLANDESI E LE DUE FIGLIE CHE TENTANO DI RIFARSI UNA VITA A NEW YORK. SARANNO LE BAMBINE A SCOPRIRE CON L'INNOCENZA DELL'OCCHIO INFANTILE IL LATO MAGICO DELLA GRANDE MELA, UN'ISOLA INCANTATA DOVE TUTTO PUO' ACCADERE. E LO TRASFERIRANNO AI GENITORI CHE RITROVERANNO COSI' LA SPERANZA E IL CORAGGIO PER RICOMINCIARE A VIVERE E AD AMARE, NONOSTANTE TUTTO. CONTENUTI EXTRA: COMMENTO AUDIO DEL REGISTA; SCENE TAGLIATE; DOCUMENTARIO SUL MAKING OF DEL FILM." aPAL, STEREO aITALIANO aDRAMMA - ROMANTICeDVD-FILM [DVD]xCodice MATERIA SPICS: 9947 aFriday Gavine(musica)gCodice Musica SPICS: 49212 aSheridan Jim e(regista)gCodice regista SPICS: 59523 aSheridan Jim e(soggetto)gCodice Soggetto SPICS: 59523 aSheridan Naomi e(soggetto)gCodice Soggetto 2° SPICS: 59524